| 000 | 01501na a2200373 4500 | ||
|---|---|---|---|
| 999 |
_c5420 _d5420 |
||
| 001 | 20657 | ||
| 003 | MIRAKIL | ||
| 005 | 20200305113835.0 | ||
| 008 | 170126b tu 000 0 | ||
| 035 | _a20657 | ||
| 040 |
_aTR-AnCHP _btur _cTR-AnCHP |
||
| 041 | _atur | ||
| 082 |
_aCHP 347.013 _bK44y [2011] |
||
| 090 | _aBROŞÜR 183 | ||
| 100 |
_aKılıçdaroğlu, Kemal _cCHP Genel Başkanı |
||
| 245 |
_aYargı bağımsızlığı ve özgürlükçü demokrasi/ _cKemal Kılıçdaroğlu. |
||
| 246 | _aÖzgürlükçü demokrasi | ||
| 260 |
_aAnkara: _b[CHP], _c[2011]. |
||
| 300 |
_a[8] s.: _c21 sm. |
||
| 440 |
_aCumhuriyet Halk Partisi yayınları _pRaporlar |
||
| 500 | _aCumhuriyet Halk Partisi Genel Başkanı Kemal Kılıçdaroğlu'nun 12 Eylül 2010 Halk Oylmasına ilişkin Hürriyet Gazetesi'nde 9 Ağustos 2011 tarihinde yayınlanan yazısı | ||
| 600 |
_aKılıçdaroğlu, Kemal _xSiyasal ve sosyal görüşler _yAnayasa değişikliği |
||
| 600 |
_aKılıçdaroğlu, Kemal _xSiyasal ve sosyal görüşler _yYargı bağımsızlığı |
||
| 610 |
_aCHP _xHukuk devleti _yHak ve özgürlükler |
||
| 610 |
_aCHP _xÖzgürlükçü demokrasi |
||
| 650 |
_aYargı bağımsızlığı _zTürkiye |
||
| 650 |
_aReferandum, 2010 _xAnayasa değişikliği |
||
| 650 |
_aAnayasalar _zTürkiye |
||
| 830 | _aCHP raporları | ||
| 856 | _zDijital Nüshası için Partimizin Kütüphane Sorumlusu ile iletişime geçiniz. | ||
| 942 |
_2ddc _cVIS |
||
| 999 | _d5420 | ||